Europa: génesis de una civilización

Збережено в:
Бібліографічні деталі
Автор: Febvre, Lucien Paul (autor)
Формат: Книга
Мова:Іспанська
Опубліковано: Barcelona Crítica 2001
Серія:Libros de Historia
Предмети:
Теги: Додати тег
Немає тегів, Будьте першим, хто поставить тег для цього запису!

MARC

LEADER 00000nam a2200000 a 4500
001 UCM2027
003 CL-VaPUC
008 020419e20010000SP |||||||||||||||||spa|d
082 0 4 |a 940  |b FEB  |2 21 
100 |a Febvre, Lucien Paul   |e autor  |9 465950 
245 1 0 |a Europa: génesis de una civilización 
300 |a 278 p 
942 |c BK 
945 |d 20020419 00:00:00  |a cmena 
260 |a Barcelona  |b Crítica  |c 2001 
650 0 |a Historia de Europa  |9 392003 
650 0 |a Imperialismo  |9 258264 
650 7 |a NACIONALISMO  |2 CL-VaPUC  |9 468866 
650 0 |a Revoluciones  |9 255713 
583 |a last modification  |c 20020419 00:00:00  |k Rodrigo Vera 
490 0 |a Libros de Historia 
999 |c 300116  |d 300114 
952 |0 0  |1 0  |4 0  |6 940_000000000000000_FEB_2001  |7 0  |8 A  |9 357446  |a BIBHIS  |b BIBHIS  |d 2019-11-21  |i 3807045  |o 940 FEB 2001  |p 3807045  |r 2025-01-20  |w 2019-11-21  |y BK  |k HIS